Loading...

Forest Stand Dynamics , Update

Bibliographic Details
Main Author: Chadwick D Oliver
Format: Printed Book
Language:Undetermined
LEADER 00526nam a2200169Ia 4500
008 141004s9999 xx 000 0 und d
040 |c a 
041 |a English 
082 |a 634.95 
082 |b OLI/FO 
100 |a Chadwick D Oliver  
245 |a Forest Stand Dynamics , Update 
245 |c Chadwick D Oliver  
501 |a 6B1  
942 |c BK 
999 |c 172102  |d 172102 
952 |0 0  |1 0  |4 0  |6 634_950000000000000_OLI_FO  |7 0  |9 177291  |a KAUCOF  |b KAUCOF  |l 1  |o 634.95 OLI/FO  |p KAU_COF-2253  |r 2014-11-01  |s 2014-11-01  |w 2014-10-04  |y BK